Personnage univers SONIC en image - Statistiques

Statistiques générales
  • Ce quiz a été pris 96 fois
  • Le résultat moyen est 13 sur 17
Statistiques - réponses
Par images Réponse % Correct
Sonic
100%
Shadow
96%
knuckles
92%
Tails
89%
Dr Eggman
86%
Amy Rose
85%
Silver
82%
Metal sonic
81%
Rouge
78%
Blaze
71%
Big
68%
Vector
68%
Cream
62%
Espio
60%
Jet
56%
Charmy
49%
sage
35%
Aucun quiz correspondant
Distribution des résultats
% des personnes avec chaque résultat
Percentile par nombre de réponses
Votre historique - résultats
Vous n’avez pas pris ce quiz